BUSINESS STATISTICS (Record no. 9862)

MARC details
000 -LEADER
fixed length control field 00495nam a22001697a 4500
003 - CONTROL NUMBER IDENTIFIER
control field SGT
020 ## - INTERNATIONAL STANDARD BOOK NUMBER
International Standard Book Number 9788174466792
082 ## - DEWEY DECIMAL CLASSIFICATION NUMBER
Classification number 519.5,BHA
100 ## - MAIN ENTRY--PERSONAL NAME
Personal name BHARDWAJ,R.S
245 ## - TITLE STATEMENT
Title BUSINESS STATISTICS
250 ## - EDITION STATEMENT
Edition statement 2ND
260 ## - PUBLICATION, DISTRIBUTION, ETC. (IMPRINT)
Place of publication, distribution, etc NEW DELHI
Name of publisher, distributor, etc EXCEL BOOKS
Year of Publication 2013
300 ## - PAGE DESCRIPTION
No. of Pages 773
650 ## - SUBJECT ADDED ENTRY--TOPICAL TERM
Topical term or geographic name as entry element BUSINESS STATISTICS, MATHEMATICS
653 ## - KEYWORDS--INDEX TERM
Keyword term FUNCTIONS IMPORTANCE,LIMITATIONS AND DISTRUST OF STATISTICS,STATISTICAL INVESTIGATION, CLASSIFICATION AND TABULATION OF DATA
942 ## - ADDED ENTRY ELEMENTS (KOHA)
Source of classification or shelving scheme Dewey Decimal Classification
Koha item type FCM Books
942 ## - ADDED ENTRY ELEMENTS (KOHA)
-- 51
Holdings
Withdrawn status Lost status Source of classification or shelving scheme Damaged status Not for loan Collection code Home library Current library Shelving location Date acquired Vendor Name Cost, normal purchase price SGTU Bill Number Total Checkouts Full call number Accession No. (Barcode) Date last seen Date last borrowed Bill Date Koha item type Total Renewals
    Dewey Decimal Classification     COMMERCE MANAGEMENT SGT Science & Social Sciences Library SGT Science & Social Sciences Library Text Book 06/09/2016 SPARSH BOOK GALLERY 495.00 SGTU 62 30 519.5,BHA CM2451 19/12/2024 18/12/2024 28/08/2016 FCM Books  
    Dewey Decimal Classification     COMMERCE MANAGEMENT SGT Science & Social Sciences Library SGT Science & Social Sciences Library Text Book 06/09/2016 SPARSH BOOK GALLERY 495.00 SGTU 62 28 519.5,BHA CM2452 06/11/2024 06/11/2024 28/08/2016 FCM Books 2
    Dewey Decimal Classification   Not For Loan COMMERCE MANAGEMENT SGT Science & Social Sciences Library SGT Science & Social Sciences Library Reference Book 06/09/2016 SPARSH BOOK GALLERY 495.00 SGTU 62   519.5,BHA CM2453 06/09/2016   28/08/2016 FCM Books  
    Dewey Decimal Classification     COMMERCE MANAGEMENT SGT Science & Social Sciences Library SGT Science & Social Sciences Library Text Book 06/09/2016 SPARSH BOOK GALLERY 495.00 SGTU 62 32 519.5,BHA CM2454 24/12/2024 24/12/2024 28/08/2016 FCM Books  
    Dewey Decimal Classification     COMMERCE MANAGEMENT SGT Science & Social Sciences Library SGT Science & Social Sciences Library Text Book 06/09/2016 SPARSH BOOK GALLERY 495.00 SGTU 62 20 519.5,BHA CM2455 20/02/2026 19/02/2026 28/08/2016 FCM Books 1